Online Public Access Catalog -OPAC

A colour atlas of cardiac pathology (Record no. 11453)

MARC details
000 -LEADER
fixed length control field 00360nam a2200109Ia 4500
008 - FIXED-LENGTH DATA ELEMENTS--GENERAL INFORMATION
fixed length control field 180412s9999||||xx |||||||||||||| ||und||
020 ## - INTERNATIONAL STANDARD BOOK NUMBER
International Standard Book Number 723407037
040 ## - CATALOGING SOURCE
Original cataloging agency Ahmadu Bello University Library - Zaria
100 ## - MAIN ENTRY--PERSONAL NAME
Personal name Farrer-brown, Geoffrey
245 #2 - TITLE STATEMENT
Title A colour atlas of cardiac pathology
Statement of responsibility, etc. Geoffrey Farrer-brown
260 ## - PUBLICATION, DISTRIBUTION, ETC.
Place of publication, distribution, etc. London
Name of publisher, distributor, etc. Wolfe Medical Publications
Date of publication, distribution, etc. 1979
300 ## - PHYSICAL DESCRIPTION
Extent 158p.: ill.

No items available.

Customized by ICT Technical Service Unit on 29th Dec 2022

Kashim Ibrahim Library